MARC

LEADER 00000nam0a2200000 4500
001 194818
005 20231101224600.0
010 |b 350 экз. 
035 |a (RuTPU)RU\TPU\book\212495 
090 |a 194818 
100 |a 20110423d1927 m y0rusy50 ca 
101 0 |a rus 
102 |a RU 
105 |a y z 000zy 
200 1 |a Устав Сибирского Технологического Института имени Ф. Э. Дзержинского 
210 |a Томск  |c Окорлит  |d 1927 
215 |a 23 с. 
606 1 |a Томский политехнический университет  |2 stltpush  |3 (RuTPU)RU\TPU\subj\67475  |9 83260 
610 1 |a СТИ 
610 1 |a высшее профессиональное образование 
610 1 |a Коллекция История ТПУ 
610 1 |a общие положения 
610 1 |a права 
610 1 |a учебная деятельность 
610 1 |a управление 
610 1 |a преимущества 
610 1 |a учащиеся 
610 1 |a научные работники 
686 |a Ч484(2)72ТПУ  |v LBC/SL-A  |2 rubbk 
801 1 |a RU  |b 63413507  |c 20110423 
801 2 |a RU  |b 63413507  |c 20210209  |g RCR 
942 |c BK